| 000 | 00511nam a2200169 i 4500 | ||
|---|---|---|---|
| 001 | 31225 | ||
| 003 | ES-MaACL | ||
| 005 | 20230906154336.0 | ||
| 007 | t| | ||
| 008 | 030128s1956 sp ||||1| spa d | ||
| 100 | 1 |
_aBeaty, David. _926800 |
|
| 245 | 1 | 3 |
_aEl corazón de la tormenta / _cDavid Beaty ; [versión española de Antonio Ribera Jordá]. |
| 260 |
_aBarcelona : _bExito, _c[1956] ( _fDuplex) |
||
| 300 |
_a307 p. ; _c20 cm. |
||
| 700 | 1 |
_aRibera, Antonio. _996769 |
|
| 852 |
_aES-MaACL _jC-11395 _bR.39442 |
||
| 999 |
_c31225 _d31225 |
||